000
00367nam a2200133Ia 4500
008
151001s9999||||xx |||||||||||||| ||und||
100
_a
Gautier francois
245
_a
Arisre again; O India
250
_a
1
260
_b
Har-Anand
260
_c
2001
300
_a
184
365
_b
21
999
_c
980054
_d
980051